La fronda aristocrática en Chile
Αποθηκεύτηκε σε:
| Κύριος συγγραφέας: | |
|---|---|
| Μορφή: | Βιβλίο |
| Γλώσσα: | Ισπανικά |
| Έκδοση: |
Santiago
Ercilla
1936
|
| Θέματα: | |
| Ετικέτες: |
Προσθήκη ετικέτας
Δεν υπάρχουν, Καταχωρήστε ετικέτα πρώτοι!
|
MARC
| LEADER | 00000nam a2200000 a 4500 | ||
|---|---|---|---|
| 001 | UCH2921 | ||
| 003 | CL-VaPUC | ||
| 008 | 090702e19360000CL |||||||||||||||||spa|d | ||
| 082 | 0 | 4 | |a 320.983 |b EDW |2 21 |
| 100 | 0 | |a Edwards Vives, Alberto |e author |9 537996 | |
| 245 | 1 | 3 | |a La fronda aristocrática en Chile |
| 300 | |a 245 p | ||
| 942 | |c BK | ||
| 945 | |d 20090702 00:00:00 |a dcastane | ||
| 260 | |a Santiago |b Ercilla |c 1936 | ||
| 650 | 0 | |a Vida intelectual |9 265379 | |
| 650 | 0 | |a Sociedad |9 307903 | |
| 650 | 0 | |a Aristocracia |9 356916 | |
| 650 | 0 | |a Política |9 255312 | |
| 650 | 0 | |a Gobierno |9 255508 | |
| 651 | 7 | |a CHILE |2 CL-VaPUC |9 537997 | |
| 583 | |a last modification |c 20090702 00:00:00 |k Rodrigo Vera | ||
| 999 | |c 334581 |d 334579 | ||
| 952 | |0 0 |1 0 |4 0 |6 320_983000000000000_EDW_1936 |7 0 |8 X |9 423691 |a FDOBUD |b FDOBUD |d 2019-11-22 |i 4567668 |o 320.983 EDW 1936 |p 4567668 |r 2019-11-22 |w 2019-11-22 |y BK_X |k BUD | ||